000 01015nmm a2200289 a 4500
001 ocm0001299413
003 TR-IsHL
005 20201028161932.0
008 160715s2011 tu tur
007 cr cn
020 _a9786055541279
035 _a1299413
_b(N$T)
050 0 4 _aHC492
_b.T87 2011
090 0 4 _aHC492
_b.T87 2011
100 1 _aTürel, Oktar
245 1 0 _aGeç barbarlık çağı 2: Planlama, kurumsal yapıda dönüşüm ve sanayileşme
_h[electronic resource] /
_cOktar Türel
260 _aİstanbul :
_bYordam Kitap,
_c2011
300 _a317 p.
650 4 _aEkonomi ve Finans
650 4 _aEconomics and Finance
650 0 _aKüreselleşme
_xTürkiye
_xTarih
650 0 _aGlobalization
_xTurkey
_xHistory
650 0 _aTürkiye
_xEkonomik durum
_xTarih
650 0 _aTurkey
_xEconomic conditions
_xHistory
650 7 _aBUSINESS & ECONOMICS / Economic Conditions
_2bisacsh
856 4 0 _uhttp://search.ebscohost.com/login.aspx?direct=true&scope=site&db=e011xww&AN=1299413
999 _c14433
_d14433